Enterprise attributes and corporate disputes in Kenya. (Record no. 12792)
[ view plain ]
| 000 -LEADER | |
|---|---|
| fixed length control field | 00607cam a22002052 4500 |
| 001 - CONTROL NUMBER | |
| control field | 0000003193 |
| 005 - DATE AND TIME OF LATEST TRANSACTION | |
| control field | 20151217155819.0 |
| 008 - FIXED-LENGTH DATA ELEMENTS--GENERAL INFORMATION | |
| fixed length control field | 070430s xx 000 0 eng d |
| 040 ## - CATALOGING SOURCE | |
| Original cataloging agency | KABU |
| Transcribing agency | KABU |
| 050 #0 - LIBRARY OF CONGRESS CALL NUMBER | |
| Classification number | HD2920.5 |
| Item number | .K56 |
| 100 1# - MAIN ENTRY--PERSONAL NAME | |
| Personal name | Kimuyu, Peter. |
| -- | 0000152885 |
| 245 10 - TITLE STATEMENT | |
| Title | Enterprise attributes and corporate disputes in Kenya. |
| 260 ## - PUBLICATION, DISTRIBUTION, ETC. (IMPRINT) | |
| Place of publication, distribution, etc. | Nairobi : |
| Name of publisher, distributor, etc. | IPAR, |
| Date of publication, distribution, etc. | 1997. |
| 300 ## - PHYSICAL DESCRIPTION | |
| Extent | 33 p. |
| 650 #0 - SUBJECT ADDED ENTRY--TOPICAL TERM | |
| Topical term or geographic name as entry element | Corporations |
| Geographic subdivision | Kenya. |
| -- | 0000152901 |
| 650 #0 - SUBJECT ADDED ENTRY--TOPICAL TERM | |
| Topical term or geographic name as entry element | Corporation law |
| Geographic subdivision | Kenya |
| General subdivision | Cases. |
| -- | 0000152902 |
| 908 ## - PUT COMMAND PARAMETER (RLIN) | |
| Put command parameter | 070430 |
| 950 ## - LOCAL HOLDINGS (RLIN) | |
| -- | 1 |
| Withdrawn status | Lost status | Source of classification or shelving scheme | Not for loan | Home library | Current library | Date acquired | Total Checkouts | Full call number | Barcode | Date last seen | Price effective from | Koha item type |
|---|---|---|---|---|---|---|---|---|---|---|---|---|
| Library of Congress Classification | Kabarak, Main Campus | Kabarak, Main Campus | 17/12/2015 | HD2920.5 .K56 | 001926 | 17/12/2015 | 17/12/2015 | Africana Collection |